[Event "AUT-chT (Women) 2324"]
[Site "Austria"]
[Date "2024.03.24"]
[Round "6.4"]
[White "Zeber, Katja"]
[Black "Exler, Veronika"]
[Result "0-1"]
[WhiteElo "1789"]
[BlackElo "2157"]
[PlyCount "80"]
[EventDate "2023.11.24"]
[EventType "team-tourn"]
[EventRounds "9"]
[EventCountry "AUT"]
[SourceTitle "CB16_2024"]
[SourceDate "2024.04.17"]
[SourceVersion "1"]
[SourceVersionDate "2024.04.17"]
[SourceQuality "1"]
[WhiteTeam "Feffernitz (W)"]
[BlackTeam "Wulkaprodersdorf (W)"]
[WhiteTeamCountry "AUT"]
[BlackTeamCountry "AUT"]

1. e4 c6 2. Nc3 d5 3. exd5 cxd5 4. d4 Nf6 5. Nf3 Bg4 6. Be2 Nc6 7. Bf4 a6 8. Ne5 Bxe2 9. Nxe2 e6 10. c3 Nxe5 11. Bxe5 Be7 12. 0-0 0-0 13. Ng3 g6 14. Re1 b5 15. a3 a5 16. Qf3 Re8 17. h4 h5 18. Bf4 Ng4 19. Bg5 Bxg5 20. hxg5 Qxg5 21. Nf1 Rab8 22. b4 a4 23. Ne3 Nf6 24. Rac1 Rec8 25. Qh3 Ne4 26. Nf1 Qf4 27. Qe3 Qxe3 28. Rxe3 Rc6 29. f3 Nd6 30. Ng3 Nc4 31. Re2 Nxa3 32. Ra2 Nc4 33. Ne2 Rbc8 34. Kf2 Kg7 35. Nf4 Nd6 36. Ne2 Nf5 37. Rac2 g5 38. Ng3 Nxd4 39. cxd4 Rxc2+ 40. Rxc2 Rxc2+ 0-1

[Event "AUT-chT (Women) 2122"]
[Site "Austria"]
[Date "2022.03.26"]
[Round "6.4"]
[White "Moerwald, Magdalena"]
[Black "Zeber, Katja"]
[Result "1-0"]
[WhiteElo "1895"]
[BlackElo "1625"]
[PlyCount "59"]
[EventDate "2021.11.06"]
[EventType "team-tourn"]
[EventRounds "9"]
[EventCountry "AUT"]
[SourceTitle "EXT 2023"]
[Source "ChessBase"]
[SourceDate "2022.10.05"]
[SourceVersion "1"]
[SourceVersionDate "2022.10.05"]
[SourceQuality "1"]
[WhiteTeam "Wulkaprodersdorf (W)"]
[BlackTeam "Feffernitz (W)"]
[WhiteTeamCountry "AUT"]
[BlackTeamCountry "AUT"]

1. e4 e5 2. Nf3 Nc6 3. d4 Qf6 4. d5 Nd4 5. Nxd4 exd4 6. Nd2 Bb4 7. a3 Bxd2+ 8. Qxd2 Ne7 9. b4 d3 10. c3 Qg6 11. Qxd3 d6 12. Bf4 0-0 13. g3 Qf6 14. Qd4 Qxd4 15. cxd4 f5 16. f3 fxe4 17. fxe4 Ng6 18. Be3 Bg4 19. Bg2 Rae8 20. Rf1 Rxf1+ 21. Kxf1 Bf5 22. exf5 Rxe3 23. fxg6 hxg6 24. Rc1 Re7 25. Bh3 Kf8 26. Be6 b6 27. Ke2 g5 28. Kf3 g6 29. Kg4 Rg7 30. Kxg5 1-0

[Event "AUT-chT (Women) 1920"]
[Site "Austria"]
[Date "2020.01.10"]
[Round "4.4"]
[White "Zeber, Katja"]
[Black "Moerwald, Miriam"]
[Result "1/2-1/2"]
[WhiteElo "1599"]
[BlackElo "1707"]
[PlyCount "74"]
[EventDate "2019.10.11"]
[EventType "team-tourn"]
[EventRounds "9"]
[EventCountry "AUT"]
[SourceTitle "CBM 194 Extra"]
[Source "ChessBase"]
[SourceDate "2020.03.31"]
[SourceVersion "1"]
[SourceVersionDate "2020.03.31"]
[SourceQuality "1"]
[WhiteTeam "Feffernitz (W)"]
[BlackTeam "Wulkaprodersdorf (W)"]
[WhiteTeamCountry "AUT"]
[BlackTeamCountry "AUT"]

1. e4 e6 2. d4 d5 3. e5 c5 4. Nf3 cxd4 5. Nxd4 Bd7 6. c4 Qc7 7. Qe2 dxc4 8. Qxc4 Qxe5+ 9. Be2 Nc6 10. Nf3 Qc7 11. 0-0 Nf6 12. Nc3 Rc8 13. Nb5 Qd8 14. Be3 a6 15. Nc3 Be7 16. Rfd1 0-0 17. Rac1 Nb4 18. Qb3 b5 19. a3 Nbd5 20. Nxd5 Nxd5 21. Ne5 Rc7 22. Bf3 Qb8 23. Rxc7 Qxc7 24. Nxd7 Qxd7 25. Bxd5 exd5 26. Qxd5 Qxd5 27. Rxd5 Rd8 28. Rxd8+ Bxd8 29. Bd4 f6 30. f3 Kf7 31. Kf2 Ke6 32. Ke3 Kd5 33. Kd3 Bc7 34. h3 Ba5 35. g4 Bc7 36. h4 Bg3 37. h5 Bf4 1/2-1/2

[Event "AUT-chT (Women) 1920"]
[Site "Austria"]
[Date "2019.10.11"]
[Round "1.4"]
[White "Zeber, Katja"]
[Black "Mar, Karmen"]
[Result "0-1"]
[WhiteElo "1599"]
[BlackElo "2038"]
[PlyCount "80"]
[EventDate "2019.10.11"]
[EventType "team-tourn"]
[EventRounds "9"]
[EventCountry "AUT"]
[SourceTitle "CBM 193 Extra"]
[Source "ChessBase"]
[SourceDate "2020.01.31"]
[SourceVersion "1"]
[SourceVersionDate "2020.01.31"]
[SourceQuality "1"]
[WhiteTeam "Feffernitz (W)"]
[BlackTeam "Baden (W)"]
[WhiteTeamCountry "AUT"]
[BlackTeamCountry "AUT"]

1. e4 c5 2. Nc3 Nc6 3. f4 e6 4. Nf3 a6 5. Be2 g6 6. 0-0 Bg7 7. Qe1 Nge7 8. d3 Nd4 9. Nxd4 cxd4 10. Nd1 0-0 11. c3 Nc6 12. f5 d5 13. Bg4 Ne5 14. Qg3 Nxg4 15. Qxg4 exf5 16. exf5 Bxf5 17. Qg3 Re8 18. Bd2 Re2 19. Rf2 Qe7 20. Rxe2 Qxe2 21. Qe1 Bxd3 22. Nf2 Qxe1+ 23. Rxe1 Bb5 24. Re7 Re8 25. Rxe8+ Bxe8 26. Nd3 dxc3 27. Bxc3 Bxc3 28. bxc3 Kg7 29. Kf2 Kf6 30. Ke3 Bc6 31. Kd4 Ke6 32. Kc5 g5 33. Nb4 f5 34. Nxc6 bxc6 35. a4 f4 36. h3 h5 37. a5 g4 38. hxg4 hxg4 39. Kd4 Kd6 40. Kd3 Kc5 0-1

[Event "AUT-ch U18 Girls"]
[Site "St Veit"]
[Date "2018.03.27"]
[Round "5"]
[White "Polterauer, Chiara"]
[Black "Zeber, Katja"]
[Result "1-0"]
[WhiteElo "2170"]
[BlackElo "1495"]
[PlyCount "69"]
[EventDate "2018.03.25"]
[EventType "swiss"]
[EventRounds "7"]
[EventCountry "AUT"]
[SourceTitle "EXT 2019"]
[Source "ChessBase"]
[SourceDate "2018.10.10"]
[SourceVersion "1"]
[SourceVersionDate "2018.10.10"]
[SourceQuality "1"]

1. e4 d5 2. exd5 Qxd5 3. Nc3 Qa5 4. d4 Nf6 5. Bc4 c6 6. Bd2 Bf5 7. Nd5 Qd8 8. Nxf6+ gxf6 9. c3 e6 10. Ne2 Bd6 11. Ng3 Bg6 12. Qf3 Nd7 13. Bh6 Qe7 14. 0-0-0 0-0-0 15. h4 Bxg3 16. fxg3 Rhg8 17. h5 Bf5 18. Rh4 Nb6 19. Be2 Nd5 20. g4 Bxg4 21. Rxg4 Rxg4 22. Qxg4 Qc7 23. Bc4 Nb6 24. Bb3 Qe7 25. Qg7 Kb8 26. Qxh7 Nc8 27. Re1 Qe8 28. Qe4 Qh8 29. Bf4+ Ka8 30. g4 Re8 31. Bd2 Qg8 32. Qf4 Qh8 33. h6 a6 34. Rf1 Nb6 35. Qxf6 1-0

[Event "AUT-ch U18 Girls"]
[Site "St Veit"]
[Date "2018.03.26"]
[Round "3"]
[White "Pribozic, Sabrina"]
[Black "Zeber, Katja"]
[Result "1-0"]
[WhiteElo "1498"]
[BlackElo "1495"]
[PlyCount "45"]
[EventDate "2018.03.25"]
[EventType "swiss"]
[EventRounds "7"]
[EventCountry "AUT"]
[SourceTitle "EXT 2019"]
[Source "ChessBase"]
[SourceDate "2018.10.10"]
[SourceVersion "1"]
[SourceVersionDate "2018.10.10"]
[SourceQuality "1"]

1. d4 Nf6 2. Nf3 d5 3. e3 Bf5 4. Bd3 Bg6 5. 0-0 Nbd7 6. b3 e6 7. Bb2 Be7 8. Ne5 Nxe5 9. dxe5 Nd7 10. Nd2 0-0 11. a4 f6 12. Bxg6 hxg6 13. exf6 gxf6 14. Re1 Kf7 15. e4 c6 16. Qe2 Nc5 17. exd5 Qxd5 18. Rad1 Qf5 19. Nf3 Rh8 20. Nd4 Qf4 21. Nf3 Rh5 22. Bc1 Qg4 23. Ne5+ 1-0

[Event "AUT-ch U18 Girls"]
[Site "St Veit"]
[Date "2018.03.25"]
[Round "1"]
[White "Schloffer, Jasmin Denise"]
[Black "Zeber, Katja"]
[Result "1-0"]
[WhiteElo "2064"]
[BlackElo "1495"]
[PlyCount "57"]
[EventDate "2018.03.25"]
[EventType "swiss"]
[EventRounds "7"]
[EventCountry "AUT"]
[SourceTitle "EXT 2019"]
[Source "ChessBase"]
[SourceDate "2018.10.10"]
[SourceVersion "1"]
[SourceVersionDate "2018.10.10"]
[SourceQuality "1"]

1. d4 Nf6 2. c4 e5 3. Nc3 exd4 4. Qxd4 Nc6 5. Qd1 Be7 6. Nf3 0-0 7. e3 d6 8. Be2 Be6 9. 0-0 Nd7 10. b3 f5 11. Bb2 Bf6 12. Nd4 Nxd4 13. exd4 Bf7 14. Bf3 Rb8 15. Nd5 c6 16. Nxf6+ Nxf6 17. d5 c5 18. Re1 b5 19. cxb5 Rxb5 20. Qd3 c4 21. Qxc4 Rc5 22. Qd4 Bxd5 23. b4 Bxf3 24. bxc5 Bd5 25. cxd6 Qxd6 26. Qe5 Qd7 27. Qe7 Qb5 28. Bxf6 Rxf6 29. Rab1 1-0

[Event "AUT-ch U12 Girls"]
[Site "Tschagguns"]
[Date "2012.05.29"]
[Round "7"]
[White "Zeber, Katja"]
[Black "Grasser, Natalie"]
[Result "1-0"]
[WhiteElo "1189"]
[BlackElo "1209"]
[PlyCount "61"]
[EventDate "2012.05.26"]
[EventType "swiss"]
[EventRounds "7"]
[EventCountry "AUT"]
[SourceTitle "CBM 148 Extra"]
[Source "ChessBase"]
[SourceDate "2012.06.22"]
[SourceVersion "1"]
[SourceVersionDate "2012.06.22"]
[SourceQuality "1"]

1. e4 e5 2. Nf3 Nc6 3. Bc4 Bc5 4. c3 Nf6 5. d4 exd4 6. cxd4 Bb4+ 7. Bd2 Nxe4 8. 0-0 Qg5 9. Re1 Qg6 10. Bd5 f5 11. a3 Bd6 12. Nh4 Qf6 13. Bxe4 fxe4 14. Rxe4+ Be7 15. Nc3 0-0 16. Rf4 Qd6 17. Nb5 Qd5 18. Nxc7 Qd6 19. Nxa8 Rxf4 20. Bxf4 Qxf4 21. Nf3 d5 22. Qb3 Be6 23. Qxb7 Qd6 24. Rc1 Bd7 25. b4 Bf6 26. b5 Nxd4 27. Nxd4 Bxd4 28. Rc7 Qf4 29. Qb8+ Qf8 30. Qxf8+ Kxf8 31. Rxd7 1-0

[Event "AUT-ch U12 Girls"]
[Site "Tschagguns"]
[Date "2012.05.28"]
[Round "6"]
[White "Schloffer, Jasmin Denise"]
[Black "Zeber, Katja"]
[Result "1-0"]
[WhiteElo "1467"]
[BlackElo "1189"]
[PlyCount "83"]
[EventDate "2012.05.26"]
[EventType "swiss"]
[EventRounds "7"]
[EventCountry "AUT"]
[SourceTitle "CBM 148 Extra"]
[Source "ChessBase"]
[SourceDate "2012.06.22"]
[SourceVersion "1"]
[SourceVersionDate "2012.06.22"]
[SourceQuality "1"]

1. d4 Nf6 2. c4 e5 3. dxe5 Ng4 4. Nf3 Bc5 5. e3 Nc6 6. Nc3 Ncxe5 7. h3 Nxf3+ 8. Qxf3 Ne5 9. Qd1 0-0 10. Be2 d6 11. 0-0 Be6 12. b3 Bb4 13. Bb2 Bxc3 14. Bxc3 Qf6 15. Qc2 Bf5 16. e4 Be6 17. f4 Qh6 18. fxe5 dxe5 19. Rf3 f6 20. Bd3 Rad8 21. Rd1 c5 22. Qf2 a6 23. Rg3 b5 24. cxb5 axb5 25. Bd2 Qh5 26. Be2 Qf7 27. Qxc5 Rb8 28. Qf2 Rbd8 29. Bxb5 Qb7 30. Qe2 Rf7 31. Ba4 Qb6+ 32. Be3 Qb8 33. Rxd8+ Qxd8 34. Qd2 Qc8 35. Bf2 f5 36. Rd3 Rf8 37. exf5 Bxf5 38. Bd7 Bxd7 39. Rxd7 h6 40. Rd5 e4 41. Re5 e3 42. Rxe3 1-0